000 00528nam a2200193Ia 4500
999 _c22366
_d22366
003 OSt
005 20200323144459.0
008 190216s9999||||xx |||||||||||||| ||und||
020 _a8185395918
040 _coclc
082 _a297
_bALI/S
100 _aAli, Syed Ameer
_92190
245 4 _aThe Spirit Of Islam /
_cSyed Ameer Ali
250 _a1st ed.
260 _bLaw Price Publications,
_c1990.
_aDelhi:
300 _a515p
650 _aIslamic History
942 _cBK
_2ddc
_h297
_iALI/S
_k297
_mALI/S